000 00439nmm a2200157Ia 4500
008 251105s9999||||xx |||||||||||||||||und||
020 _a9788493508470
041 _aspa
100 _aKönig, Angelika
245 0 _aBerlín. Todos los capítulos
264 _a[Madrid, España] :
_bEcos Travel Books,
_c2008
300 _a190 páginas
490 _aCity Breaks
856 _uhttps://public.digitaliapublishing.com/a/50757
942 _cCF
999 _c89150
_d89150